La producción de energía mediante el vapor de agua, el aire y los gases / W. H. Severns, H. E. Degler, J. C. Miles (Registro nro. 13009)

Detalles MARC
000 -LÍDER
fixed length control field 00599nam a2200157 4500
008 - ELEMENTOS DE LONGITUD FIJA -- INFORMACIÓN GENERAL
fixed length control field 0 2001 0ain 000 0MEX
020 ## - NÚMERO INTERNACIONAL NORMALIZADO PARA LIBROS
ISBN 968-6708-22-7
050 ## - SIGNATURA TOPOGRAFICA DE LA BIBLIOTECA DEL CONGRESO (LC)
Número de Clasificación TJ163.2 S498 2001
082 ## - NUMERO DE CLASIFICACION DECIMAL DEWEY
Número de Clasificación 621.402.8 S773p
100 ## - ASIENTO PRINCIPAL--NOMBRE PERSONAL
Nombre personal Severns, W. H.
245 ## - TÍTULO
Título La producción de energía mediante el vapor de agua, el aire y los gases / W. H. Severns, H. E. Degler, J. C. Miles
260 ## - PUBLICACIÓN, DISTRIBUCIÓN, ETC. (PIE DE IMPRENTA)
Lugar de publicación, distribución, etc. México : Reverté
300 ## - DESCRIPCIÓN FÍSICA
Extensión 503 p. / 22 cm.
650 ## - ASIENTO SECUNDARIO DE MATERIA - TERMINO TEMÁTICO
Término temático o nombre geográfico como elemento de entrada 1.TERMODINAMICA \ 2.FUERZA Y ENERGIA-PRODUCCION \ 3.GENERADORES Y CALDERAS DE VAPOR
700 ## - ASIENTO SECUNDARIO - NOMBRE PERSONAL
Nombre personal Degler, H. E. Coaut. \ Miles J. C. Coaut.
Existencias
No. biblioteca No. biblioteca Número de clasificación Código de barras/Número de adquisición Número de copia Tipo de material
LUIS G. INCLAN LUIS G. INCLAN 621.402.8 S773p 38998 1 Libros
LUIS G. INCLAN LUIS G. INCLAN 621.402.8 S773p 38999 2 Libros
LUIS G. INCLAN LUIS G. INCLAN 621.402.8 S773p 39000 3 Libros
LUIS G. INCLAN LUIS G. INCLAN 621.402.8 S773p 39001 4 Libros
LUIS G. INCLAN LUIS G. INCLAN 621.402.8 S773p 41526 5 Libros
LUIS G. INCLAN LUIS G. INCLAN 621.402.8 S773p 41527 6 Libros
LUIS G. INCLAN LUIS G. INCLAN 621.402.8 S773p 41528 7 Libros
LUIS G. INCLAN LUIS G. INCLAN 621.402.8 S773p 41529 8 Libros
LUIS G. INCLAN LUIS G. INCLAN 621.402.8 S773p 43376 9 Libros
LUIS G. INCLAN LUIS G. INCLAN 621.402.8 S773p 43377 10 Libros
LUIS G. INCLAN LUIS G. INCLAN 621.402.8 S773p 44054 11 Libros
LUIS G. INCLAN LUIS G. INCLAN 621.402.8 S773p 45002 12 Libros
LUIS G. INCLAN LUIS G. INCLAN 621.402.8 S773p 45003 13 Libros
LUIS G. INCLAN LUIS G. INCLAN 621.402.8 S773p 45004 14 Libros
Calzada Tecnológico # 27, Zacatepec, Morelos.
01(734) 343-07-23 / 343-21-10 / 343-21-11
Apdo. Postal 45 C.P 62780